Geographies of obligation and the dissemination of news of the Holocaust
| Titel: | Geographies of obligation and the dissemination of news of the Holocaust / Michael Fleming |
|---|---|
| Verfasser: | |
| In: |
Holocaust studies, Band 23, Heft 1-2 (2017), Seite 59-75 alle Artikel anzeigen Jews and gentiles in Central and Eastern Europe during the Holocaust, Band 23, Heft 1-2 (2017), Seite 59-75 alle Artikel anzeigen |
| Veröffentlicht: | 2017 |
| Format: | Aufsatz |
| Sprache: | Englisch |
X
alg: 49375014
001A $03025:26-04-22
001B $01999:26-04-22 $t23:18:15.000
001D $03025:26-04-22
001U $0utf8
001X $00
002@ $0Oou
002C $aText $btxt $2rdacontent
002D $aComputermedien $bc $2rdamedia
002E $aOnline-Ressource $bcr $2rdacarrier
003@ $0493750142
007A $0493750142 $aHEB
009Q $uhttps://doi.org/10.1080/17504902.2016.1209834 $xH
010@ $aeng
010E $erda
011@ $a2017
021A $aGeographies of obligation and the dissemination of news of the Holocaust $hMichael Fleming
028A $BVerfasser $4aut $713893794X $8Fleming, Michael$Z1974- [Tp1] $9214732770
031A $d23 $e1-2 $h59-75 $j2017
039B $aEnthalten in $8--Obvc--. Holocaust studies. - Abingdon {[u.a.] : Routledge, 2005-. - Online-Ressource. - ISSN 2048-4887 $x201700000230001941 $9303643609
039B $aEnthalten in $8--Aau--. Jews and gentiles in Central and Eastern Europe during the Holocaust. - London : Routledge, 2018. - ix, 230 Seiten. - 1 Illustration, 1 Diagramm. - ISBN 978-1-138-06132-3 $9419319042
044K $RKongresspolen $RWestgalizien $#Generalgouvernement Polen $#Polska $#Rzeczpospolita Polska $#Polska Rzeczpospolita Ludowa $#Poland $#Pologne $#République Polonaise $#Generalne Gubernatorstwo w Polsce $#Polish People's Republic $#Polska Rzeczpospolita Polen $#PRL $#RP $#Polen Generalgouvernement $#Polska Generalgouvernement $#Besetzte Polnische Gebiete $#Besetztes Gebiet in Polen $#Okupowane Polskie Obszary $#Obszary Okupowane w Polsce $#Volksrepublik Polen $#Polska Rosyjska $#Republic Polen $#Respublika Pol'ša $#Pol'skaja Narodnaja Respublika $#République de Pologne $#Polen Links der Weichsel $#Polska po Lewej Stronie Wisły $#Lenkija $#Polija $#Gubernija Carstva Pol'skago $#Republik Polen $74046496-9 $8Polen [Tg1] $9085129801
044K $RSchottland $REngland $#بريطانيا العظمى $#Vereinigtes Königreich von Großbritannien und Nordirland $#Großbritannien und Nordirland $#England 1707- $#UK $#Angleterre $#Brīṭāniyā al-ʿUẓmā $#Brīṭāniya 'l-ʿUẓmā $#Vereinigtes Königreich Großbritannien und Nordirland $#United Kingdom $#United Kingdom of Great Britain and Northern Ireland $#Great Britain $#Grande Bretagne $#British Isles $#United Kingdom of Great Britain and Ireland $#Royaume-Uni $#Gran Bretagna $#UK United Kingdom $#U.K. United Kingdom $#GB Great Britain $#England Staat ab 1707 $#Grande-Bretagne $#Grossbritannien $#British Empire $#Britisches Reich $#UK $74022153-2 $8Großbritannien [Tg1] $9085054151
044K $RInformationsübertragung $RKommunikation $#Échange de savoirs $#information exchange $#Informationsaustausch $#Informationsübermittlung $#Informationstransfer $#Informationsweitergabe $74131113-9 $8Informationsaustausch [Ts1] $9085466417
044K $RJudenverfolgung $RNationalsozialistisches Verbrechen $RVernichtungslager $#Holocaust, Jewish (1939-1945) $#Shoah $#Holocausto judío (1939-1945) $#Endlösung $#Holocaust $#Holokaust $#Judenfrage Endlösung $#Schoah $#Shoah $#Shoʾah $#Shoa $#Drittes Reich Judenvernichtung $#Šô'ā $#Juden Vernichtung $74073091-8 $8Judenvernichtung [Ts1] $9085205818
045F $a909.049240943809044 $eDDC23BSB
045F/01 $a909.04924
045F/03 $f09044
045F/03 $g438
045F/03 $g41
045R $aGeschichte 1940-1945
045T $a8 $a1
045T $aJUDAICA $qDE-30 $2FID
lok: 49375014 78
exp: 49375014 78 1 #EPN
201B/01 $026-04-22 $t15:59:46.000
201C/01 $026-04-22
201U/01 $0utf8
203@/01 $01196329109
208@/01 $a26-04-22 $be
209A/01 $a/ $f000 $x00
209A/01 $ab*p $x01
209A/01 $aBehandelt die Verbreitung von Informationen über den Holocaust aus Polen nach Großbritannien $x03
209A/01 $aEnglische Zusammenfassung, Seite 59 $x04
220C/01 $apgar
244Z/01 $#Generalgouvernement Polen $#Polska $#Rzeczpospolita Polska $#Polska Rzeczpospolita Ludowa $#Poland $#Pologne $#République Polonaise $#Generalne Gubernatorstwo w Polsce $#Polish People's Republic $#Polska Rzeczpospolita Polen $#PRL $#RP $#Polen Generalgouvernement $#Polska Generalgouvernement $#Besetzte Polnische Gebiete $#Besetztes Gebiet in Polen $#Okupowane Polskie Obszary $#Obszary Okupowane w Polsce $#Volksrepublik Polen $#Polska Rosyjska $#Republic Polen $#Respublika Pol'ša $#Pol'skaja Narodnaja Respublika $#République de Pologne $#Polen Links der Weichsel $#Polska po Lewej Stronie Wisły $#Lenkija $#Polija $#Gubernija Carstva Pol'skago $#Republik Polen $74046496-9 $8--Tg1--Polen $x01 $9085129801
247C/01 $82080>Marburg/Lahn, Herder-Institut, Forschungsbibliothek, Bibliographieportal $9336309341
| LEADER | 00000caa a2200000 c 4500 | ||
|---|---|---|---|
| 001 | 493750142 | ||
| 003 | DE-603 | ||
| 005 | 20220426231815.0 | ||
| 007 | cr|||||||||||| | ||
| 008 | 220426s2017 xx |||| o| u00||u|eng c | ||
| 035 | |a (DE-599)HEB493750142 | ||
| 040 | |a DE-603 |b ger |c DE-603 |d DE-603 |e rda | ||
| 041 | |a eng | ||
| 082 | 0 | 4 | |8 1\u |a 909.049240943809044 |q DE-101 |2 23/BSB |
| 084 | |a 8 |a 1 |2 ssgn | ||
| 084 | |a JUDAICA |q DE-30 |2 fid | ||
| 085 | |8 1\u |b 909.04924 | ||
| 085 | |8 1\u |z 1 |s 09044 | ||
| 085 | |8 1\u |z 2 |s 438 | ||
| 085 | |8 1\u |z 2 |s 41 | ||
| 100 | 1 | |a Fleming, Michael |d 1974- |e Verfasser |4 aut |0 (DE-603)214732770 |0 (DE-588)13893794X |2 gnd | |
| 245 | 0 | 0 | |a Geographies of obligation and the dissemination of news of the Holocaust |c Michael Fleming |
| 264 | 0 | |c 2017 | |
| 336 | |a Text |b txt |2 rdacontent | ||
| 337 | |a Computermedien |b c |2 rdamedia | ||
| 338 | |a Online-Ressource |b cr |2 rdacarrier | ||
| 648 | 7 | |a Geschichte 1940-1945 |2 gnd | |
| 650 | 7 | |a Informationsaustausch |0 (DE-588)4131113-9 |0 (DE-603)085466417 |2 gnd | |
| 650 | 7 | |a Judenvernichtung |0 (DE-588)4073091-8 |0 (DE-603)085205818 |2 gnd | |
| 651 | 7 | |a Polen |0 (DE-588)4046496-9 |0 (DE-603)085129801 |2 gnd | |
| 651 | 7 | |a Großbritannien |0 (DE-588)4022153-2 |0 (DE-603)085054151 |2 gnd | |
| 773 | 0 | 8 | |i Enthalten in |t Holocaust studies |d Abingdon [u.a.] : Routledge, 2005- |h Online-Ressource |x 2048-4887 |g Band 23, Heft 1-2 (2017), Seite 59-75 |w (DE-603)303643609 |w (DE-600)2668830-X |
| 773 | 0 | 8 | |i Enthalten in |t Jews and gentiles in Central and Eastern Europe during the Holocaust |d London : Routledge, 2018 |h ix, 230 Seiten, 1 Illustration, 1 Diagramm |z 9781138061323 |g Band 23, Heft 1-2 (2017), Seite 59-75 |w (DE-603)419319042 |
| 856 | |u https://doi.org/10.1080/17504902.2016.1209834 |x Verlag | ||
| 924 | 1 | |9 2080 |a (DE-603)1196329109 |b DE-2080 |c HES |d d |g / | |


